| 000 | 00850nas a2200313 4500 | ||
|---|---|---|---|
| 001 | BR6007894 | ||
| 003 | BR-BrBNA | ||
| 005 | 20231205082037.0 | ||
| 007 | ta | ||
| 008 | 230509b bl.|||p| |||| 00| 00por d | ||
| 040 |
_aBR-BrBNA _bpor _cBiblioteca Nacional de Agricultura |
||
| 041 | _a(Pt) | ||
| 072 | _aP10 | ||
| 100 | 1 | _aAccioly, J.C. | |
| 100 | 1 | _aNeves, M. de F.S. | |
| 245 | 1 | _aDeterminacao de ferro, manganes, cobre e zinco em aguas do Estado do Piaui, Brasil | |
| 650 | _aHIDROLOGIA | ||
| 650 | _aAGUA | ||
| 650 | _aQUIMICA DA AGUA | ||
| 650 | _aANALISE QUIMICA | ||
| 650 | _aFERRO | ||
| 650 | _aMANGANES | ||
| 650 | _aCOBRE | ||
| 650 | _aZINCO | ||
| 650 | _aPIAUI | ||
| 773 | 0 |
_tCiencia Agronomica (Brazil) _x _g(Dec 1976), v. 6(1-2) p. 7-9 _wBR6007894 |
|
| 909 |
_a202311 _bLúcia _c55 _dLúcia Elande |
||
| 942 |
_2AGRIS _n0 _cANA |
||
| 999 |
_c88782 _d88782 |
||